| 000 | 00422nam a2200181Ia 4500 | ||
|---|---|---|---|
| 005 | 20250603145303.0 | ||
| 008 | 250603s9999 xx 000 0 und d | ||
| 020 | _a978- 1- 59784- 211- 2 | ||
| 050 | _aBP 165.5 .U53/ | ||
| 100 | _aUnal, Ali | ||
| 245 | 0 | _aLiving in the shade of Islam | |
| 260 | _aNew Jersey | ||
| 260 | _bTughra Books | ||
| 260 | _c2010 | ||
| 300 | _a333 p | ||
| 650 | _aNew Jersey | ||
| 942 | _cBK | ||
| 999 |
_c41418 _d41418 |
||